Asian Countries That Start With a Vowel - Statistics

General Stats
  • This quiz has been taken 76 times
  • The average score is 10 of 12
Answer Stats
Country % Correct
India
94%
Armenia
91%
Iran
91%
Oman
91%
Iraq
90%
Indonesia
88%
Azerbaijan
87%
Afghanistan
84%
Israel
79%
Uzbekistan
76%
United Arab Emirates
71%
East Timor
65%
No matching quizzes found
Score Distribution
Percent of People with Each Score
Percentile by Number Answered
Your Score History
You have not taken this quiz